00908nam a2200253 a 450000100100000000500170001000800410002702000150006804000250008308200180010810000400012624500550016626000410022130000210026249000280028350000520031158600330036360000440039665000310044083000350047104900090050695201220051599900170063700002129920200930011305.0100903s1967 sp r 000 | spa d a8432504556 aDO-SdBNPbspacBNPHU a928.61bA996F1 aFernández Pombo, Alejandro94451010aMaestro Azorín : /cAlejandro Fernández Pombo. aMadrid, (España) :bDONCEL,c1967. a155 p. ;c18 cm.1 aLibro Joven de Bolsillo aIncluye lista de obras de la colección DONCEL aPremio Doncel de biografía14aAZORÍNd1874-1967xBIOGRAFÍA944511 4aLiteratura española9632 0aLibro Joven de Bolsillo913001 aBNGR 001054708MOaGRbGRcCTd2010-09-03iLF1l0o928.61 A996Fp21299-10r2020-06-25w2020-06-25y4ZPréstamo en sala c20799d20799